| 000 | 01632cam a2200277 a 4500 | ||
|---|---|---|---|
| 001 | 15481286 | ||
| 005 | 20170105102353.0 | ||
| 008 | 081007s2009 ilu b 001 0 eng c | ||
| 010 | _a 2008043514 | ||
| 020 | _a9780226993355 (cloth : alk. paper) | ||
| 020 | _a0226993353 (cloth : alk. paper) | ||
| 040 |
_aICU/DLC _cDLC _dDLC |
||
| 042 | _apcc | ||
| 050 | 0 | 0 |
_aB395 _b.Z77 2009 |
| 082 | 0 | 0 |
_a184 _222 |
| 100 | 1 |
_aZuckert, Catherine H., _d1942- |
|
| 245 | 1 | 0 |
_aPlato's philosophers : the coherence of the dialogues _bthe coherence of the dialogues _cCatherine H. Zuckert |
| 260 |
_aChicago : _bThe University of Chicago Press, _c2009. |
||
| 300 |
_aviii, 888 p. ; _c24 cm. |
||
| 504 | _aIncludes bibliographical references (p. [863]-879) and index. | ||
| 505 | 0 | _aIntroduction: Platonic dramatology -- The political and philosophical problems. Using pre-Socratic philosophy to support political reform: the Athenian stranger ; Plato's Parmenides: Parmenides' critique of Socrates and Plato's critique of Parmenides ; Becoming Socrates ; Socrates interrogates his contemporaries about the noble and good -- Paradigms of philosophy. Socrates' positive teaching ; Timaeus-Critias: completing or challenging Socratic political philosophy? ; Socratic practice -- The trial and death of Socrates. The limits of human intelligence ; The Eleatic challenge ; The trial and death of Socrates -- Conclusion: Why Plato made Socrates his hero. | |
| 600 | 0 | 0 |
_aPlato. _tDialogues. |
| 906 |
_a7 _bcbc _corignew _d1 _eecip _f20 _gy-gencatlg |
||
| 942 |
_2ddc _cBK |
||
| 999 |
_c12013 _d12013 |
||